000
00336nam a22001457a 4500
003
OSt
008
240224b |||||||| |||| 00| 0 eng d
020
_a
9789384067560
100
_a
DEVDUTT,Pattanaik
245
_a
Business Sutra
250
_a
1st Ed
260
_a
New Delhi
_b
Aleph Publishers
_c
2015
300
_a
435
942
_2
ddc
_c
BK
999
_c
12237
_d
12237